|
|
|
|
| LEADER |
00000nam0a2200000 4500 |
| 001 |
193101 |
| 005 |
20231031181719.0 |
| 035 |
|
|
|a (RuTPU)RU\TPU\book\210562
|
| 090 |
|
|
|a 193101
|
| 100 |
|
|
|a 20110315d1959 m y0rusy50 ca
|
| 101 |
0 |
|
|a rus
|
| 102 |
|
|
|a RU
|
| 105 |
|
|
|a a z 001zy
|
| 200 |
1 |
|
|a Атлас спектральных линий для кварцевого спектографа
|e пояснительный текст
|f С. К. Калинин [и др.]
|g Академия наук Казахской ССР (АН КазССР), Физико-технический институт (ФТИ)
|
| 205 |
|
|
|a 2-е изд., доп.
|
| 210 |
|
|
|a Москва
|c Госгеолтехиздат
|d 1959
|
| 215 |
|
|
|a 46 с.
|c ил.
|e 23 планшета
|
| 320 |
|
|
|a Библиогр.: с. 45.
|
| 610 |
1 |
|
|a кварцевые спектрографы
|
| 610 |
1 |
|
|a спектральные линии
|
| 610 |
1 |
|
|a атласы
|
| 610 |
1 |
|
|a пояснительные записки
|
| 675 |
|
|
|a 535.33
|v 3
|
| 701 |
|
1 |
|a Калинин
|b С. К.
|
| 701 |
|
1 |
|a Явнель
|b А. А.
|
| 701 |
|
1 |
|a Алексеева
|b А. И.
|
| 701 |
|
1 |
|a Марзуванов
|b В. Л.
|
| 701 |
|
1 |
|a Наймарк
|b Л. Э.
|
| 712 |
0 |
2 |
|a Академия наук Казахской ССР (АН КазССР)
|b Физико-технический институт (ФТИ)
|c (Алма-Ата, Алатау)
|2 stltpush
|3 (RuTPU)RU\TPU\col\12886
|
| 801 |
|
1 |
|a RU
|b 63413507
|c 20110315
|
| 801 |
|
2 |
|a RU
|b 63413507
|c 20110510
|g RCR
|
| 942 |
|
|
|c BK
|